| 000 | 02061nam a2200301 a 4500 | ||
|---|---|---|---|
| 001 | 000048215 | ||
| 005 | 20240301073825.0 | ||
| 008 | 181206s2016 dr ac 000 m spa d | ||
| 020 | _a9789945423396 | ||
| 040 |
_aDO-SdBNP _bspa _cBNPHU |
||
| 082 |
_axxxx _bxxxx |
||
| 245 | 0 | 4 |
_aUna mirada a la inmigración española de 1939-40 en Santo Domingo : _bdisertaciones presentadas en la Univesidad APEC semanas de España en la República Dominicana 2015 / _cJosé del Castillo Pichardo ... [et al.] ; Presentación, Francisco D' Oleo ; Introducción, Jaime Lacadena. |
| 260 |
_aSanto Domingo : _bUniversidad APEC, _c2016. |
||
| 300 |
_a141 p. : _bii., retrs. ; _c23 cm. |
||
| 505 | 0 |
_aPresentación, Francisco D' Oleo -- _tIntroducción, Jaime Lacadena -- _tImpacto de la inmigración española de 1939-40 en la sociedad dominicana -- _rJosé del Castillo Pichardo -- _tEl exilio republicano en Santo Domingo y sus aportes / _rNatalia González Tejera -- _tEn tierras extrañas. El arribo y adaptación de refugiados españoles a Santo Domingo, 1939-1946 / _rBernardo Vega -- _tLa migración española de 1939 y su impacto sobre los dominicanos / _tUna mirada a la influencia en el arte y el pensamiento social dominicano -- _rLaura Gil Fiallo -- _tInfluencia española en el arte dominicano / _rAndrés L. Mateo -- _t¿Qué trajeron los intelectuales españoles? / _rDiógenes Céspedes -- _tSegundo Serrano Poncela: un enigma para siete ciudades / _tSobres los autores -- |
|
| 500 | _aIncluye referencias bibliográficas y notas al pie de las páginas. | ||
| 590 | _aInventariado, 2019/LP | ||
| 700 | 1 |
_aD' Oleo, Francisco, _ePresent. _975655 |
|
| 700 | 1 |
_aLacadena, Jaime, _eIntrod. _975656 |
|
| 700 | 1 |
_aCastillo Pichardo, José del _943246 |
|
| 700 | 1 |
_aGonzález Tejera, Natalia _955788 |
|
| 700 | 1 |
_aGil Fiallo, Laura. _926642 |
|
| 700 | 1 |
_aMateo, Andrés L., _d 1946- _9776 |
|
| 700 | 1 |
_aD' Oleo, Francisco, _ePresent. _975655 |
|
| 700 | 1 |
_aLacadena, Jaime, _eIntrod. _975656 |
|
| 700 | 1 |
_aVega, Bernardo, _d1938 - _93222 |
|
| 700 | 1 |
_aCéspedes, Diógenes, _d1941- _920548 |
|
| 999 |
_c47703 _d47703 |
||